Vainquers de la Coupe de Monde de Football Masculin - Sudden Death - Statistiques

Statistiques générales
  • Ce quiz a été pris 313 fois
  • Le résultat moyen est 7 sur 8
Answers on the Grid
Answers color-coded by a green-red scale on the quiz's grid according to % correct below.
Brésil
Allemagne
Italie
Argentine
France
Uruguay
Espagne
Angleterre
Portugal
Pays Bas
Belgique
Russie/Union Soviétique
États-Unis
Chili
Mexique
Turquie
Hongrie
Grèce
Autriche
Corée du Sud
 
Statistiques - réponses
Réponse % Correct
Brésil
91%
France
89%
Allemagne
88%
Espagne
88%
Argentine
87%
Italie
85%
Uruguay
83%
Angleterre
80%
Aucun quiz correspondant
Distribution des résultats
% des personnes avec chaque résultat
Percentile par nombre de réponses
Votre historique - résultats
Vous n’avez pas pris ce quiz